Meglio Dirselo Romanzo

Spremljeno u:
Bibliografski detalji
Glavni autor: Daria Colombo
Format: Knjiga
Jezik:nepoznati jezik
Izdano: Rizzoli
Oznake: Dodaj oznaku
Bez oznaka, Budi prvi tko označuje ovaj zapis!

MARC

LEADER 00000nam a2200000Ia 4500
001 R-1648
003 CODICE-MESSINA
005 20260212102510.0
008 260211s9999 xx 000 0 und d
040 |c importazione_messina 
100 |a Daria Colombo 
245 0 |a Meglio Dirselo 
245 0 |b Romanzo 
260 |b Rizzoli 
942 |2 ddc  |c BK 
952 |0 0  |1 0  |2 ddc  |4 0  |6 SCAFFALE_16_000000000000000__STANZA_2  |7 0  |9 32488  |a ME  |b ME  |d 2026-02-11  |l 0  |o SCAFFALE 16 - STANZA 2  |p R-1648  |r 2026-02-11 23:53:13  |w 2026-02-11  |x [REVISIONARE]  |y BK 
999 |c 28155  |d 28155